000 00552nam a2200181 i 4500
001 45528
003 ES-MaACL
005 20230906161230.0
007 t|
008 030326s1979 sp ||||1| spa d
100 1 _aCohen, Leonard.
_939504
245 1 3 _aLa caja de especias de la tierra /
_cLeonard Cohen ; traducción, Alberto Manzano.
260 _aMadrid :
_b[Alberto Corazón :
_bMontaña],
_c1979.
300 _a195 p. ;
_c20 cm.
500 _aEdición bilingüe.
700 1 _aManzano, Alberto.
_976213
852 _aES-MaACL
_jA-10674
_bR.99558
999 _c45528
_d45528